000 00449nam a2200181Ia 4500
001 7948
005 20260306160533.0
008 260306t2020||||xx |||||||||||||| ||spa||
041 _aESP
082 _a364.072
_bW42
100 _aWeisburd, David
_eAUT
245 0 _aBasic statistics in criminology and criminal justice
260 _c2020
300 _axxi, 612 páginas :
_c26 cm.
650 _aGEN
654 _aCPS
942 _cLIB
_dJUS
_fJUS
_2ddc
_n
999 _c7948
_d7948